| Tag |
First Indicator |
Second Indicator |
Subfields |
| LEADER |
00000cam a2200000 a 4500 |
| 001 |
in00000009209 |
| 005 |
20151007051511.0 |
| 008 |
870724s1987 nyuaf b 00110 eng |
| 010 |
|
|
|a 87020752
|
| 020 |
|
|
|a 0684186330 :
|c $25.00
|
| 035 |
|
|
|a (OCoLC)16404598
|
| 035 |
|
|
|9 AAA3285AM
|
| 040 |
|
|
|a DLC
|c DLC
|d TXA
|d UtOrBLW
|
| 043 |
|
|
|a a-ja---
|
| 049 |
|
|
|a TXAM
|c [A12635795]
|
| 050 |
0 |
0 |
|a JQ1641
|b .P33 1987
|
| 082 |
0 |
|
|a 354.5203/12/09
|2 19
|
| 100 |
1 |
|
|a Packard, Jerrold M.
|
| 245 |
1 |
0 |
|a Sons of heaven :
|b a portrait of the Japanese monarchy /
|c Jerrold M. Packard.
|
| 264 |
|
1 |
|a New York :
|b Scribner,
|c [1987]
|
| 264 |
|
4 |
|c ©1987
|
| 300 |
|
|
|a vii, 400 pages, 21 unnumbered pages of plates :
|b illustrations ;
|c 24 cm.
|
| 336 |
|
|
|a text
|b txt
|2 rdacontent
|
| 337 |
|
|
|a unmediated
|b n
|2 rdamedia
|
| 338 |
|
|
|a volume
|b nc
|2 rdacarrier
|
| 504 |
|
|
|a Bibliography: pages 379-385.
|
| 500 |
|
|
|a Includes index.
|
| 650 |
|
0 |
|a Emperors
|z Japan
|x History.
|
| 650 |
|
0 |
|a Monarchy
|z Japan
|x History.
|
| 600 |
0 |
0 |
|a Hirohito,
|c Emperor of Japan,
|d 1901-1989.
|
| 999 |
|
|
|a MARS
|
| 999 |
f |
f |
|s 4179fc8f-a13b-33a4-ad6a-192d3f9e0b50
|i c0dc54f3-9228-323b-97ee-3e08c27e7799
|t 0
|
| 952 |
f |
f |
|p ric
|a Texas A&M University
|b Rellis Campus
|c Joint Library Facility
|d Remote Storage
|t 0
|e JQ1641 .P33 1987
|h Library of Congress classification
|i unmediated -- volume
|m A14812635795
|
| 998 |
f |
f |
|a JQ1641 .P33 1987
|t 0
|l Remote Storage
|